Objects by Picture - F - Statistics

General Stats
  • This quiz has been taken 1,530 times
  • The average score is 14 of 15
Answer Stats
Picture Answer % Correct
Fork
99%
Finger
98%
Fire
98%
Five
97%
Fish
96%
Flag
96%
Foot
96%
Fruit
96%
Feather
95%
Flower
95%
Fly
95%
Fan
94%
Flamingo
94%
Fig
87%
Fossil
86%
No matching quizzes found
Score Distribution
Percent of People with Each Score
Percentile by Number Answered
Your Score History
You have not taken this quiz